| 000 | 00980nam a22003137a 4500 | ||
|---|---|---|---|
| 001 | BR7701639 | ||
| 003 | BR-BrBNA | ||
| 005 | 20230928085228.0 | ||
| 007 | ta | ||
| 008 | 230509b bl.||||| |||| 00| 0 por d | ||
| 040 |
_aBR-BrBNA _bpor _cBiblioteca Nacional de Agricultura |
||
| 041 | _a(Por) | ||
| 072 |
_aH50 _b1850 _b/G514 |
||
| 090 | _ 1850 BR7701639 | ||
| 100 | 1 | _aBaumgartner, J.G. | |
| 110 | 1 |
_aEscola Superior de Agricultura Luiz de Queiroz, Piracicaba, SP (Brasil) _0Tese (Doutorado) |
|
| 245 | 1 | _aTolerancia de cultivares de tomateiro (Lycopersicum esculentum Mill.)ao aluminio e ao manganes [Brasil] | |
| 260 | 3 |
_aPiracicaba, SP (Brasil): _c1976. |
|
| 300 | _a73 p. | ||
| 500 | _a21 tables; Bibliography (59 ref.); Summaries (Eng, Por); Microficha | ||
| 650 | _aDisturbio vegetal | ||
| 650 | _aTomate | ||
| 650 | _aToxidez | ||
| 650 | _aAluminio | ||
| 650 | _aManganes | ||
| 650 | _aVariedade | ||
| 909 |
_a202309 _bLucia _c55 _dLucia Elande |
||
| 942 | _cBK | ||
| 999 |
_c23385 _d23385 |
||